01433nam a2200349 a 450000100060000000300090000600500170001500600150003200800410004701600300008801700530011802000150017103500200018604000280020604100130023408000140024708200180026113000460027924502230032526000250054830000170057350400460059059400470063665000320068370000370071592600470075294200120079995600060081198001090081799900170092695201400094325968CO-ViMGA20230915232141.0bimo0001765603141112s2004 ck r 000 u spa d abimoBNE20020227955 SpMaBN aB 3237 - 2002 Oficina Depósito Legal Barcelona a8423418634 a(OCoLC)51656904 aCO-ViMGAbspacCO-ViMGA aspabeng a658.012.404a658.4092 B25f aThe future of leadership Español94052210aEl futuro del liderazgo : blos pensadores más brillantes de hoy escriben para los directores de mañana / cWarren Bennis, Gretchen M. Spreitzer, Thomas G. Cummings, editores ; traducción, Rafael Jiménez Larrea aBilbao Deusto [2002] a328 p. 24 cm aBibliografía : p. [301] - 307. Índice aTraducción de : The future of leadership14aLiderazgo - Manuales9405231 aBennis, Warren G. 1925 - 940524 aBNALCALA SG_PETANTI 12/112732 FONDO_MODE 1 2ddccBK a2 a017. B 3237 - 2002 020. 84 - 234 - 1863 - 4 852. 40 M - BN BNALCALA MO03682609 12/112732 DG ALCALA c33204d33204 00102ddc40708002aMEVIECARbMEVIECARd2015-12-04h22/oct/2014l0o658.4092 B25f p27246r2015-12-04 00:00:00tEj. 1w2015-12-04yBK